[Event "FRA-ch U12"]
[Site "Nimes"]
[Date "2012.04.15"]
[Round "3"]
[White "Roussel, Simon"]
[Black "Fort, Armand"]
[Result "0-1"]
[WhiteElo "1565"]
[BlackElo "1741"]
[PlyCount "128"]
[EventDate "2012.04.14"]
[EventType "swiss"]
[EventRounds "9"]
[EventCountry "FRA"]
[SourceTitle "CBM 148 Extra"]
[Source "ChessBase"]
[SourceDate "2012.06.22"]
[SourceVersion "1"]
[SourceVersionDate "2012.06.22"]
[SourceQuality "1"]

1. e4 c5 2. Nf3 Nc6 3. d4 cxd4 4. Nxd4 e6 5. Nc3 Nf6 6. Be2 Be7 7. Be3 0-0 8. 0-0 a6 9. f4 Qc7 10. e5 Ne8 11. Bd3 d6 12. Rf3 dxe5 13. Bxh7+ Kh8 14. Nxc6 bxc6 15. Rh3 Nf6 16. fxe5 Qxe5 17. Kh1 Nxh7 18. Bd4 Qf5 19. Qe2 Bf6 20. Rf1 Qg6 21. Bxf6 gxf6 22. Ne4 f5 23. Nd6 Bd7 24. Rff3 f4 25. Rxf4 e5 26. Qxe5+ f6 27. Qh5 Qxh5 28. Rxh5 Kg7 29. g4 Rad8 30. Nb7 Rde8 31. Nc5 Re1+ 32. Kg2 Bc8 33. Kf2 Rfe8 34. Nd3 R1e2+ 35. Kg1 Rxc2 36. Rf2 Rxf2 37. Nxf2 Re1+ 38. Kg2 Re2 39. Rc5 Bb7 40. b4 Rxa2 41. Ra5 Rb2 42. Kg3 Rxb4 43. h3 Ng5 44. h4 Ne4+ 45. Nxe4 Rxe4 46. h5 Re5 47. Ra3 c5 48. Rb3 Re7 49. Rc3 Rc7 50. h6+ Kxh6 51. g5+ fxg5 52. Kg4 c4 53. Kg3 a5 54. Kh2 a4 55. Kg3 a3 56. Rxa3 c3 57. Ra1 c2 58. Rc1 Be4 59. Kh2 Rb7 60. Ra1 Rb1 61. Ra6+ Kh5 62. Kg3 c1Q 63. Ra2 Qc3+ 64. Kh2 Rh1# 0-1